000 01088cam a22002531a 4500
001 82488
003 BD-RjUL
005 20231218113534.0
008 831209s1969 ir 000 0 per d
035 _a(BD-RjUL)82488
040 _aCGU
_beng
_cCGU
_dOCLCO
_dDLC
041 _aper
082 _223
_a891.551
_bFAM 1969
100 _a‏فروزانفر، بدىع الزمان. ;; Furūzānfar, Badīʻ al-Zamān
_910581
245 1 0 _a‏مآخذ قصص و تمثىلات مثنوى ;; Maʼākhiz̲-i qiṣaṣ va tams̲īlāt-i Mas̲navī /
_c‏تأليف بدىع الزمان فروزانفر. ;; taʼlīf-i Badīʻ al-Zamān Furūzānfar.
250 _aChāp-i 2.
260 _a[Tihrān] :
_b[Amīr Kabīr],
_c[1347 i.e. 1969]
300 _a4, 265 pages ;
_c25 cm
490 _aانتشارات دانشگاه تهران ;
_v214
600 0 0 _aJalāl al-Dīn Rūmī,جلال الدىن رومى،.‏
_cMaulana,
_d1207-1273.
_tMas̲navī.‏مثنوى.
_910582
830 _a; انتشارات دانشگاه تهران
_v214
_910583
942 _2ddc
_cBK
999 _c82488
_d82488